000 00228nmm a2200085Ia 4500
008 220120s9999||||xx |||||||||||||||||und||
100 _aEFY-APRIL-2009
_911140
245 0 _aDesign & Simulation :utilities, fun stuff,
260 _c2009
999 _c139385
_d139385